000 00525nam a2200157 a 4500
008 120416s1970 ||||||||||||||||| || u
050 _aQK 882 Asi
100 _aAsimov, Isaac
245 1 0 _aPhotosynthesis
260 _aLondon
_bGeorge Allen and Unwing
_c1970
300 _ax 193p. : ill.
350 _a0.00
650 _aPLANTS
650 _aPLANTS--PHOTOSYNTHESIS
995 _D0.00
_FCBU-MAIN LIBRARY (Kitwe)
_H1
_I2.05
_M1
_UAVAILABLE
_ZMain Library Open Access Collection
999 _c53528
_d53528